| 000 | 01272nam a22002657a 4500 | ||
|---|---|---|---|
| 005 | 20240530110343.0 | ||
| 008 | 141123s2009 ua bod gr 000 0 ara d | ||
| 017 |
_a7109/2009 _bمصر . دار الكتب |
||
| 020 | _a9789774791184 | ||
| 040 | _aEG-CaGPL | ||
| 041 | 0 | _aara | |
| 082 | 0 | 4 |
_221 _a938.08\ _bو ع |
| 100 | 1 | _aولبانك ، فرانك | |
| 245 | 1 | 2 |
_aالعالم الهيللينستى : _bحملة الاسكندرية على الشرق ونشاة الممالك الهيللينستية ممكلة مقدونيا - مملكة البطالة فى مصر - المملكة السلوقية فى سوريا / _cتاليف فرانك ولبانك ؛ ترجمة وتقديم امال محمد محمد ؛ مراجعة محمد ابراهيم بكر |
| 250 | _aط 1 | ||
| 260 |
_aالقاهرة : _bالمركز القومى للترجمة ، _c2009 |
||
| 300 |
_a352 ص ؛ _c24 سم |
||
| 650 | 0 | 4 | _aالعالم الهللينستى |
| 650 | 0 | 4 | _aالحضارة الاغريقية |
| 650 | 0 | 4 |
_aمصر _xتاريخ _yالعصر اليونانى |
| 700 | 0 |
_aامال محمد محمد _eمترجم |
|
| 700 | 0 |
_aمحمد ابراهيم بكر _eمراجع |
|
| 942 |
_2ddc _cBK |
||
| 999 |
_c59924 _d59924 |
||